Understanding and researching scripts: a practical guide (Record no. 27082)
[ view plain ]
| 000 -LEADER | |
|---|---|
| fixed length control field | 00538nam a2200181Ia 4500 |
| 005 - DATE AND TIME OF LATEST TRANSACTION | |
| control field | 20260209112429.0 |
| 008 - FIXED-LENGTH DATA ELEMENTS--GENERAL INFORMATION | |
| fixed length control field | 231207s9999 xx 000 0 und d |
| 020 ## - INTERNATIONAL STANDARD BOOK NUMBER | |
| International Standard Book Number | 9781861267801 |
| 040 ## - CATALOGING SOURCE | |
| Transcribing agency | PK-LaNCA |
| 082 ## - DEWEY DECIMAL CLASSIFICATION NUMBER | |
| Classification number | 792.9072 |
| Item number | HES |
| 100 ## - MAIN ENTRY--PERSONAL NAME | |
| Author Name | Hester, John |
| 245 #0 - TITLE STATEMENT | |
| Title | Understanding and researching scripts: a practical guide |
| 260 ## - PUBLICATION, DISTRIBUTION, ETC. | |
| Name of publisher, distributor, etc. | The Crowood Press |
| Place of publication, distribution, etc. | Marlborough |
| Date of publication, distribution, etc. | 2006 |
| 300 ## - PHYSICAL DESCRIPTION | |
| Pages | 176p |
| Other physical details | ill |
| 546 ## - LANGUAGE NOTE | |
| Language note | English |
| 650 ## - SUBJECT ADDED ENTRY--TOPICAL TERM | |
| Subject | Theatre--Scripts. Script researching. Script--Research and analyses. FTV. |
| 942 ## - ADDED ENTRY ELEMENTS (KOHA) | |
| Koha item type | Film & TV |
| 999 ## - | |
| -- | 27082 |
| -- | 27082 |
| Withdrawn status | Weedout from Library | Permanent Location | Current Location | Shelving location | Date acquired | Full call number | Barcode | Price effective from | Koha item type |
|---|---|---|---|---|---|---|---|---|---|
| NATIONAL COLLEGE OF ARTS, LAHORE - LIBRARY | NATIONAL COLLEGE OF ARTS, LAHORE - LIBRARY | Film & TV Section Basement of Library | 08/12/2023 | FTv 792.9072 HES 31520 | 31520 | 08/12/2023 | Film & TV |